000 00241nam a2200097Ia 4500
001 887428
005 20250826182835.0
008 250824s9999 xx 000 0 und d
245 0 _aMİMAR SİNAN
_cYAVUZ BAHADIROĞLU
260 _bPANAMA YAYINLARI
999 _c887428
_d887428